Western civilization : (Record no. 15557)

000 -LEADER
fixed length control field 01086cam a2200313 a 4500
001 - CONTROL NUMBER
control field 14559447
005 - DATE AND TIME OF LATEST TRANSACTION
control field 20170105102920.0
008 - FIXED-LENGTH DATA ELEMENTS--GENERAL INFORMATION
fixed length control field 060920s2008 mauab b 001 0 eng
010 ## - LIBRARY OF CONGRESS CONTROL NUMBER
LC control number 2006935032
020 ## - INTERNATIONAL STANDARD BOOK NUMBER
International Standard Book Number 9780618834235 (instructor's ed.)
020 ## - INTERNATIONAL STANDARD BOOK NUMBER
International Standard Book Number 0618834230 (instructor's ed.)
020 ## - INTERNATIONAL STANDARD BOOK NUMBER
International Standard Book Number 0618794247 (complete student text)
020 ## - INTERNATIONAL STANDARD BOOK NUMBER
International Standard Book Number 0618794255 (student text v. 1)
020 ## - INTERNATIONAL STANDARD BOOK NUMBER
International Standard Book Number 0618794263 (student text v. 2)
020 ## - INTERNATIONAL STANDARD BOOK NUMBER
International Standard Book Number 0618794271 (student text v. a)
020 ## - INTERNATIONAL STANDARD BOOK NUMBER
International Standard Book Number 061879428X (student text v. b)
020 ## - INTERNATIONAL STANDARD BOOK NUMBER
International Standard Book Number 0618794298 (student text v. c)
040 ## - CATALOGING SOURCE
Original cataloging agency DLC
Transcribing agency DLC
050 00 - LIBRARY OF CONGRESS CALL NUMBER
Classification number CB245
Item number .W4843 2008
245 00 - TITLE STATEMENT
Title Western civilization :
Remainder of title beyond boundaries /
Statement of responsibility, etc. Thomas F.X. Noble ... [et al.].
250 ## - EDITION STATEMENT
Edition statement 5th ed.
260 ## - PUBLICATION, DISTRIBUTION, ETC.
Place of publication, distribution, etc. Boston :
Name of publisher, distributor, etc. Houghton Mifflin Co.,
Date of publication, distribution, etc. c2008.
300 ## - PHYSICAL DESCRIPTION
Extent xxxii, 983, 20, 48 p. :
Other physical details ill. (chiefly col.), col. maps ;
Dimensions 29 cm.
650 #0 - SUBJECT ADDED ENTRY--TOPICAL TERM
Topical term or geographic name entry element Civilization, Western.
700 1# - ADDED ENTRY--PERSONAL NAME
Personal name Noble, Thomas F. X.
906 ## - LOCAL DATA ELEMENT F, LDF (RLIN)
a 7
b cbc
c orignew
d 3
e epcn
f 20
g y-gencatlg
942 ## - ADDED ENTRY ELEMENTS (KOHA)
Source of classification or shelving scheme
Koha item type Book
Holdings
Withdrawn status Lost status Damaged status Not for loan Collection code Permanent Location Current Location Shelving location Date acquired Total Checkouts Full call number Barcode Date last seen Price effective from Koha item type
          Centre for International Peace & Stability (CIPS) Centre for International Peace & Stability (CIPS) General Stacks 09/12/2013   909.09812 WES 2008 CIPS0000926 12/04/2013 12/04/2013 Book
© 2023 Central Library, National University of Sciences and Technology. All Rights Reserved.